[Event "Druzynowe Mistrzostw Polski Juniorow - II Liga"]
[Site "Wroclaw"]
[Date "1899-12-30"]
[Round "5.67"]
[White "Jaskiewicz, Kacper"]
[Black "Czechowski, Jakub"]
[Result "1/2-1/2"]
[WhiteTitle "I"]
[BlackTitle "I++"]
[WhiteElo "1756"]
[BlackElo "2003"]

1. e4 e5 2. Nf3 Nc6 3. Bb5 a6 4. Bxc6 dxc6 5. Nc3 Qf6 6. d4 exd4 7. Bg5 Qd6 8.
Qxd4 Qxd4 9. Nxd4 Bd7 10. O-O-O Ne7 11. Rd2 f6 12. Bf4 O-O-O 13. Rhd1 Ng6 14.
Ne6 Bd6 15. Bxd6 Bxe6 16. Bg3 Rxd2 17. Rxd2 Rd8 18. Nd1 c5 19. Rxd8+ Kxd8 20.
f3 Kd7 21. a3 Ne7 22. Ne3 c4 1/2-1/2

[Event "Druzynowe Mistrzostw Polski Juniorow - II Liga"]
[Site "Wroclaw"]
[Date "1899-12-30"]
[Round "5.68"]
[White "Majdanski, Maksymilian"]
[Black "Stepinski, Piotr"]
[Result "1-0"]
[WhiteTitle "I++"]
[BlackTitle "I"]
[WhiteElo "1886"]
[BlackElo "1568"]

1. Nf3 Nf6 2. b3 g6 3. Bb2 Bg7 4. g3 O-O 5. Bg2 Nc6 6. d4 e6 7. O-O b6 8. c4 Bb7
9. Nc3 Ne7 10. Qc2 d6 11. e4 Nd7 12. Rad1 Qc8 13. Rfe1 e5 1-0

[Event "Druzynowe Mistrzostw Polski Juniorow - II Liga"]
[Site "Wroclaw"]
[Date "1899-12-30"]
[Round "5.69"]
[White "Gawlik, Olivier"]
[Black "Lewek, Jakub"]
[Result "1/2-1/2"]
[WhiteTitle "II+"]
[BlackTitle "II"]
[WhiteElo "1384"]
[BlackElo "1277"]

1. e4 e5 2. Nf3 Nc6 3. d4 exd4 4. Nxd4 Bc5 5. Be3 Qf6 6. c3 Nge7 7. f4 d6 8. Qd2
Bd7 9. Be2 O-O-O 10. O-O g6 11. b4 Bb6 12. a4 a5 13. b5 Na7 14. Na3 Bc5 15. Nc4
b6 16. f5 Qg7 17. f6 Qf8 18. fxe7 Qxe7 19. Bg5 Qxe4 20. Bxd8 Rxd8 21. Bf3 Qh4
22. g3 Qe7 23. Kh1 Bh3 24. Bg2 Bxg2+ 25. Qxg2 Kb8 26. Rae1 Qd7 27. Qe4 d5 28.
Qe2 dxc4 29. Qxc4 Rf8 30. Nb3 Bd6 31. Qd3 f5 32. c4 Qc8 33. Qc2 c6 34. Qd3 Rd8
35. Rd1 Be7 36. Qe3 Qb7 37. Rfe1 cxb5+ 38. Kg1 Rxd1 39. Rxd1 bxc4 40. Nd4 Bc5
41. Qe5+ Ka8 42. Rc1 Nc6 43. Qh8+ Ka7 1/2-1/2

[Event "Druzynowe Mistrzostw Polski Juniorow - II Liga"]
[Site "Wroclaw"]
[Date "1899-12-30"]
[Round "5.70"]
[White "Ziobrowski, Wojciech"]
[Black "Haladaj, Adam"]
[Result "1-0"]
[WhiteTitle "II"]
[BlackTitle "II"]
[WhiteElo "1145"]
[BlackElo "1361"]

1. e4 c5 2. Nf3 Nc6 3. d4 cxd4 4. Nxd4 g6 5. Be3 Bg7 6. c3 Nf6 7. Nd2 O-O 8. f4
d6 9. Be2 Bd7 10. O-O a6 11. h3 b5 12. Kh2 Re8 13. g4 e5 14. Nc2 d5 15. Bf3 dxe4
16. Nxe4 Nxe4 17. Bxe4 Qe7 18. f5 Red8 19. Qf3 gxf5 20. gxf5 f6 21. Rg1 Kh8 22.
Qg2 Rg8 23. Bd5 1-0

[Event "Druzynowe Mistrzostw Polski Juniorow - II Liga"]
[Site "Wroclaw"]
[Date "1899-12-30"]
[Round "5.71"]
[White "Banasiak, Adrianna"]
[Black "Pietryk, Joanna"]
[Result "1/2-1/2"]
[WhiteTitle "I"]
[BlackTitle "I"]
[WhiteElo "1447"]
[BlackElo "1417"]

1. e4 c5 2. Nf3 d6 3. c3 Nf6 4. h3 Nc6 5. Bd3 e6 6. O-O d5 7. e5 Nd7 8. Re1 Qc7
9. Bb5 c4 10. d4 cxd3 11. Qxd3 a6 12. Bxc6 bxc6 13. c4 Nc5 14. Qc2 Be7 15. b4
Nb7 16. Bd2 O-O 17. a3 a5 18. cxd5 exd5 19. Nc3 Qd8 20. Na4 Bd7 21. Nd4 Rc8 22.
Nf5 Bxf5 23. Qxf5 axb4 24. axb4 c5 25. bxc5 Nxc5 26. Bb4 Nxa4 27. Bxe7 Qxe7 28.
Rxa4 Qc5 29. Rd1 Rfd8 30. Rad4 Rc7 31. e6 Qe7 32. exf7+ Qxf7 33. Qxf7+ Kxf7 34.
Rxd5 Rxd5 35. Rxd5 Rc6 36. Kh2 Kg6 37. g4 Ra6 38. Kg3 Ra3+ 39. f3 Ra6 40. h4 h6
41. Kf4 Kf6 42. h5 Ra4+ 43. Ke3 Ra3+ 44. Ke4 Ra4+ 45. Rd4 Ra6 46. Kf4 Rb6 47.
Rd5 Rb4+ 48. Kg3 Rb6 49. Rf5+ Ke6 50. f4 Rb3+ 51. Kh4 Rf3 52. Re5+ Kf6 53. Rf5+
Ke6 54. Rf8 Ke7 55. Rf5 Ke6 1/2-1/2

[Event "Druzynowe Mistrzostw Polski Juniorow - II Liga"]
[Site "Wroclaw"]
[Date "1899-12-30"]
[Round "5.72"]
[White "Mataczyna, Aleksandra"]
[Black "Kruszewska, Malgorzata"]
[Result "1-0"]
[WhiteTitle "II+"]
[BlackTitle "II"]
[WhiteElo "1117"]
[BlackElo "1012"]

1. e4 e5 2. Nf3 Nf6 3. Nxe5 d6 4. Nf3 Nxe4 5. Nc3 Nxc3 6. dxc3 Nc6 7. Bf4 Be7 8.
Qd2 O-O 9. O-O-O Bg4 10. h3 Bxf3 11. gxf3 Ne5 12. Be2 Ng6 13. Be3 Re8 14. Kb1
Bf6 15. f4 Qe7 16. Rde1 Qd8 17. Reg1 Qe7 18. f5 Ne5 19. Rg2 Kh8 20. h4 Rg8 21.
h5 Qd7 22. f4 Nc6 23. Bd3 Ne7 24. h6 Rae8 25. hxg7+ Rxg7 26. Rxg7 Kxg7 27. Qg2+
Kf8 28. Rxh7 Nxf5 29. Bd2 Ne3 30. Qxb7 a5 31. Bb5 Qf5 32. Rxf7+ Kxf7 33. Bxe8+
Kxe8 34. Bxe3 Qe6 35. Qf3 Kd7 36. a3 Qf5 37. Bd4 Bg5 38. Be3 c6 39. Qg3 Be7 40.
Bd4 c5 41. Bf2 Qe6 42. Qe3 Qg4 43. Qd2 Qf5 44. Qd3 Qe6 45. Bxc5 Qe1+ 46. Ka2 Qe6+
47. b3 a4 48. Qb5+ Kd8 49. Bb6+ Kc8 50. Qc6+ Kb8 51. Qc7+ 1-0

[Event "Druzynowe Mistrzostw Polski Juniorow - II Liga"]
[Site "Wroclaw"]
[Date "1899-12-30"]
[Round "5.73"]
[White "Pitera, Michal"]
[Black "Kubica, Dominik"]
[Result "1-0"]
[WhiteTitle "I"]
[BlackTitle "I"]
[WhiteElo "1794"]
[BlackElo "1595"]

1. d4 d5 2. c4 e6 3. Nc3 Nf6 4. cxd5 exd5 5. Bg5 Be7 6. e3 c6 7. Bd3 O-O 8. Qc2
h6 9. Bh4 Be6 10. Nge2 Nbd7 11. O-O Nh5 12. Bxe7 Qxe7 13. f3 Nb6 14. Kh1 f5 15.
Rae1 Qd7 16. f4 Nf6 17. Ng1 Ne4 18. Nf3 Qe8 19. Ne5 Nd7 20. Rf3 Nxe5 21. fxe5
Qg6 22. Ref1 Rf7 23. Ne2 Re8 24. Nf4 Qg5 25. b4 Bd7 26. a4 a6 27. b5 axb5 28.
axb5 Rff8 29. bxc6 bxc6 30. Nh3 Qe7 31. Nf4 Kh7 32. e6 Bxe6 33. Qxc6 Bf7 34. Nxd5
Bxd5 35. Qxd5 Nd2 36. Rxf5 Nxf1 37. Rxf8+ g6 38. Qg8# 1-0

[Event "Druzynowe Mistrzostw Polski Juniorow - II Liga"]
[Site "Wroclaw"]
[Date "1899-12-30"]
[Round "5.74"]
[White "Sputowski, Jakub"]
[Black "Pulit, Kacper"]
[Result "1-0"]
[WhiteTitle "I"]
[BlackTitle "II"]
[WhiteElo "1677"]
[BlackElo "1330"]

1. e4 c5 2. Nf3 d6 3. d4 cxd4 4. Nxd4 Nf6 5. Nc3 a6 6. g3 e5 7. Nde2 Be7 8. Bg2
b5 9. O-O O-O 10. h3 Bb7 11. g4 h6 12. Ng3 Bc8 13. Nd5 Nxd5 14. Qxd5 Ra7 15. Be3
Rc7 16. Bb6 Be6 1-0

[Event "Druzynowe Mistrzostw Polski Juniorow - II Liga"]
[Site "Wroclaw"]
[Date "1899-12-30"]
[Round "5.76"]
[White "Nguyen, Doan Quoc Anh"]
[Black "Schiller, Marcin"]
[Result "0-1"]
[WhiteTitle "II"]
[BlackTitle "II"]
[WhiteElo "1293"]
[BlackElo "1214"]

1. e4 e6 2. d4 d5 3. Nc3 Nf6 4. Bg5 dxe4 5. Nxe4 Be7 6. Bxf6 Bxf6 7. Nf3 Bd7 8.
Bd3 Bc6 9. c3 Nd7 10. Qd2 Nb6 11. O-O-O Qe7 12. Kb1 O-O-O 13. Qc2 Kb8 14. Rhe1
h6 15. Nfd2 0-1

[Event "Druzynowe Mistrzostw Polski Juniorow - II Liga"]
[Site "Wroclaw"]
[Date "1899-12-30"]
[Round "5.77"]
[White "Bartoszek, Julia"]
[Black "Kulpa, Karolina"]
[Result "0-1"]
[WhiteTitle "I"]
[BlackTitle "I"]
[WhiteElo "1285"]
[BlackElo "1461"]

1. d4 Nf6 2. c4 d6 3. Nc3 e5 4. dxe5 dxe5 5. Bg5 Nbd7 6. e3 Be7 7. Nf3 c6 8. Qc2
Qc7 9. Rc1 O-O 10. Be2 Re8 11. O-O b6 12. Rfd1 Bb7 13. e4 Nf8 14. Nh4 Ne6 15.
Be3 g6 16. Nf3 Rad8 17. Rxd8 Rxd8 18. Rd1 Rxd1+ 19. Qxd1 Ng4 20. Qc1 Nxe3 21.
Qxe3 Bc5 22. Qd2 Nf4 23. a3 Bc8 24. b4 Be7 25. Bf1 Bg4 26. Qe3 Qd6 27. h3 Bd7
28. Ne2 g5 29. Nxf4 exf4 30. Qe1 h5 31. Nh2 g4 32. hxg4 hxg4 33. Qe2 g3 34. Ng4
Qe6 35. f3 Qg6 36. Qd3 Bxg4 37. fxg4 Qh6 38. Be2 Qh2+ 0-1

[Event "Druzynowe Mistrzostw Polski Juniorow - II Liga"]
[Site "Wroclaw"]
[Date "1899-12-30"]
[Round "5.78"]
[White "Cichon, Julia"]
[Black "Kretowicz, Daria"]
[Result "1/2-1/2"]
[WhiteTitle "II+"]
[BlackTitle "I"]
[WhiteElo "1054"]
[BlackElo "1124"]

1. e4 e5 2. Nf3 Nc6 3. Bc4 Bc5 4. c3 Nf6 5. d3 O-O 6. O-O d6 7. Bb3 d5 8. exd5
Nxd5 9. h3 Qd6 10. Bxd5 Qxd5 11. Qc2 Bf5 12. Rd1 Rad8 13. Ne1 e4 14. d4 e3 15.
Qe2 exf2+ 16. Qxf2 Bb6 17. Bf4 Rfe8 18. Nf3 Qc4 19. Nbd2 Qe2 20. Qxe2 Rxe2 21.
Re1 1/2-1/2

[Event "Druzynowe Mistrzostw Polski Juniorow - II Liga"]
[Site "Wroclaw"]
[Date "1899-12-30"]
[Round "5.79"]
[White "Dahche, Abdel-azziz"]
[Black "Wesolek, Krzysztof"]
[Result "1/2-1/2"]
[WhiteTitle "I"]
[BlackTitle "I"]
[WhiteElo "1569"]
[BlackElo "1747"]

1. e4 d6 2. d4 Nf6 3. Nc3 c6 4. Nf3 Bg4 5. Be3 e6 6. Bd3 Be7 7. Qe2 Nbd7 8. h3
Bh5 9. g4 Bg6 10. Nh4 Nxe4 11. Nxe4 Bxe4 12. Bxe4 Bxh4 13. O-O-O Be7 14. Kb1 d5
15. Bd3 a6 16. f4 c5 17. c3 c4 18. Bc2 b5 19. f5 exf5 20. Rde1 O-O 21. gxf5 Bf6
22. Qh5 Re8 23. Bf4 Rxe1+ 24. Rxe1 Qf8 25. Rg1 Kh8 26. Rg4 Re8 27. Rg1 Qe7 28.
a3 a5 29. Bd2 Kg8 30. Rg2 Kh8 31. Rg1 Nb8 32. Qf3 Qd7 33. h4 Na6 1/2-1/2

[Event "Druzynowe Mistrzostw Polski Juniorow - II Liga"]
[Site "Wroclaw"]
[Date "1899-12-30"]
[Round "5.80"]
[White "Ostojski, Dawid"]
[Black "Sleczka, Krzysztof"]
[Result "0-1"]
[WhiteTitle "II"]
[BlackTitle "II+"]
[WhiteElo "1337"]
[BlackElo "1443"]

1. e4 e5 2. Nc3 Nf6 3. f4 d5 4. fxe5 Nxe4 5. Qf3 Nxc3 6. bxc3 Be7 7. d4 c5 8. Bb5+
Nc6 9. Ne2 O-O 10. O-O Qb6 11. Bxc6 bxc6 12. Qg3 Kh8 13. Rd1 f6 14. Bf4 Ba6 15.
Rdb1 Qd8 16. exf6 Bxf6 17. Bc7 Qd7 18. Nf4 cxd4 19. Nh5 dxc3 20. Nxf6 Rxf6 21.
Ba5 d4 22. Rb8+ Rf8 23. Rab1 c5 24. Rxa8 Rxa8 25. Rb8+ Rxb8 26. Qxb8+ Bc8 27.
Qc7 Qxc7 28. Bxc7 Bf5 29. Be5 0-1

[Event "Druzynowe Mistrzostw Polski Juniorow - II Liga"]
[Site "Wroclaw"]
[Date "1899-12-30"]
[Round "5.82"]
[White "Wrzodak, Natalia"]
[Black "Nagly, Krzysztof"]
[Result "0-1"]
[WhiteTitle "I"]
[BlackTitle "II"]
[WhiteElo "1133"]
[BlackElo "1265"]

1. e4 c5 2. Nf3 Nc6 3. d4 cxd4 4. Nxd4 g6 5. Be3 Bg7 6. c3 Nf6 7. Bd3 O-O 8. h3
d5 9. Nd2 e5 10. N4f3 d4 11. cxd4 exd4 12. Bg5 Re8 13. O-O h6 14. Bh4 g5 15. Bg3
Nh5 16. Bh2 Nf4 17. Bxf4 gxf4 18. Nb3 Be5 19. Nxe5 Rxe5 20. f3 Qh4 21. Qd2 Rg5
22. Kh1 Rg3 23. Rf2 Ne5 24. Bf1 Qg5 25. Nxd4 Bxh3 26. Ne2 Be6 27. Qxf4 Qxf4 28.
Nxf4 Kf8 29. Nxe6+ fxe6 30. Rd2 Ke7 31. Rc1 Nc6 32. Bb5 Rc8 33. Rcd1 Ne5 34. f4
Ng4 35. Kg1 Kf6 36. Rd8 Rc2 37. R8d2 Rc5 38. Bf1 h5 39. Rd3 Ne3 40. Kf2 Nxd1+
41. Kxg3 Nxb2 42. Rb3 Nc4 43. Bxc4 Rxc4 44. Rxb7 Ra4 45. e5+ Kf5 46. Rf7+ Ke4
47. Re7 Ra3+ 48. Kh2 Ra6 49. Kh3 Kxf4 50. Rf7+ Kxe5 51. Rf2 Ra4 52. g3 a5 53.
Kg2 Kd5 54. Re2 e5 55. Kf2 e4 56. Ke3 Ke5 57. Rc2 Ra3+ 58. Kf2 Kd4 59. Rd2+ Rd3
60. Re2 Rf3+ 61. Kg2 0-1

[Event "Druzynowe Mistrzostw Polski Juniorow - II Liga"]
[Site "Wroclaw"]
[Date "1899-12-30"]
[Round "5.84"]
[White "Podoba, Hanna"]
[Black "Popczynska, Maja"]
[Result "0-1"]
[WhiteTitle "I"]
[BlackTitle "I+"]
[WhiteElo "1101"]
[BlackElo "1346"]

1. d4 Nf6 2. Nf3 g6 3. Bf4 Bg7 4. Nbd2 d5 5. e3 O-O 6. c4 Be6 7. Qb3 b6 8. c5 c6
9. Ne5 Ne4 10. h3 Nxd2 11. Kxd2 f6 12. Nf3 Bf7 13. Qc2 Nd7 14. b4 e5 15. Bg3 bxc5
16. bxc5 Re8 17. Be2 f5 18. Bh4 Qa5+ 19. Kd1 e4 20. Nd2 Nxc5 21. Rb1 Na4 22. Rc1
Rec8 23. Nb3 Qb4 24. Bg3 Qa3 25. Rb1 c5 26. Ba6 Nc3+ 27. Qxc3 Qxa6 28. Qc2 cxd4
29. Qb2 dxe3 30. Qe2 Qxe2+ 31. Kxe2 exf2 32. Bxf2 Rc2+ 33. Ke3 d4+ 34. Nxd4 Bxd4+
35. Kxd4 Rxf2 36. g4 Rd8+ 37. Ke5 Rd5+ 38. Kf6 fxg4+ 39. Ke7 Rff5 40. Rb8+ Kg7
41. Rf1 Rfe5# 0-1

[Event "Druzynowe Mistrzostw Polski Juniorow - II Liga"]
[Site "Wroclaw"]
[Date "1899-12-30"]
[Round "5.85"]
[White "Borkowski, Stanislaw"]
[Black "Smuda, Tomasz"]
[Result "0-1"]
[WhiteTitle "I"]
[BlackTitle "I"]
[WhiteElo "1734"]
[BlackElo "1515"]

1. e4 d6 2. d4 Nf6 3. Nc3 e5 4. Nf3 Nbd7 5. Bc4 Be7 6. Bxf7+ Kxf7 7. Ng5+ Kg8 8.
Ne6 Qe8 9. Nxc7 Qg6 10. Nxa8 Qxg2 11. Rf1 exd4 12. Qe2 dxc3 13. Qc4+ d5 14. Qxc8+
Kf7 15. Qxc3 Qxe4+ 16. Qe3 Qxc2 17. Bd2 Bc5 18. Qc3 Re8+ 19. Be3 Qa4 20. Qb3 Qxb3
21. axb3 d4 22. Nc7 Re5 23. Rc1 dxe3 24. fxe3 Bxe3 25. Rc2 Bc5+ 26. Re2 Rxe2+
27. Kxe2 Bd6 28. Nb5 Bxh2 29. Nxa7 h5 30. Nb5 g5 31. Nd4 Kg6 32. Nf3 Bg3 33. b4
g4 34. Nd4 Nd5 35. b5 h4 36. Kd3 N7f6 37. Ne2 Be5 38. Nc3 Nf4+ 39. Ke3 Kf5 40.
Ne2 N6d5+ 41. Kf2 Nxe2 42. Kxe2+ Nf4+ 43. Ke3 g3 44. Kf3 g2 45. Rg1 Bd4 46. Rxg2
Nxg2 47. Kxg2 Bxb2 48. Kh3 Bf6 49. Kg2 Ke4 50. Kh1 Kd5 0-1

[Event "Druzynowe Mistrzostw Polski Juniorow - II Liga"]
[Site "Wroclaw"]
[Date "1899-12-30"]
[Round "5.86"]
[White "Rzepka, Marcin"]
[Black "Lewandowski, Witold"]
[Result "0-1"]
[WhiteTitle "II"]
[BlackTitle "I"]
[WhiteElo "1314"]
[BlackElo "1547"]

1. Nf3 Nf6 2. g3 g6 3. Bg2 Bg7 4. O-O O-O 5. d3 d6 6. c4 e5 7. Nc3 Re8 8. Nd2 c6
9. e4 Be6 10. b3 d5 11. Bb2 a5 12. a3 Na6 13. Re1 Nc5 14. Qe2 dxe4 15. Ndxe4 Nfxe4
16. Nxe4 Nxb3 17. Rad1 Nd4 18. Bxd4 Qxd4 19. Rb1 Rab8 20. Qe3 Red8 21. Qxd4 Rxd4
22. Red1 Bf8 23. Ng5 Bf5 24. Bxc6 Rxd3 25. Rxd3 Bxd3 26. Rxb7 Rxb7 27. Bxb7 Bxc4
28. a4 f6 29. Nf3 Bb4 30. Kg2 Kf7 31. Bc6 Ke6 32. Be8 Ke7 33. Bc6 Kd6 34. Be8
Bc3 35. h4 Bd5 36. g4 Bc6 37. Bf7 Bxa4 38. Bg8 h6 39. Bf7 g5 40. Ba2 Bc6 41. hxg5
hxg5 42. Kg3 Bd5 43. Bb1 a4 44. Ng1 a3 45. Ne2 Bb2 46. Ng1 a2 0-1

[Event "Druzynowe Mistrzostw Polski Juniorow - II Liga"]
[Site "Wroclaw"]
[Date "1899-12-30"]
[Round "5.87"]
[White "Stanislawski, Karol"]
[Black "Kubik, Bartosz"]
[Result "1-0"]
[WhiteTitle "I"]
[BlackTitle "II"]
[WhiteElo "1678"]
[BlackElo "1224"]

1. d4 Nf6 2. Nf3 g6 3. g3 Bg7 4. Bg2 d5 5. O-O O-O 6. c4 c6 7. b3 dxc4 8. bxc4
c5 9. Bb2 Nc6 10. d5 Na5 11. Nbd2 e6 12. e4 exd5 13. cxd5 b6 14. Re1 Ba6 15. Qc2
Re8 16. Rad1 Rc8 17. Bh3 Rc7 18. Bc3 Bc8 19. Bf1 Nb7 20. Nc4 Bg4 21. Nce5 Rxe5
22. Nxe5 Bxd1 23. Qxd1 Qd6 24. Nc4 Qd8 25. d6 Rd7 26. e5 Ne8 27. Bh3 Nexd6 28.
Bxd7 Qxd7 29. Nxd6 Nxd6 30. Qxd6 Qxd6 31. exd6 Bxc3 32. d7 Bf6 33. d8=Q+ Bxd8
34. Re8+ 1-0

[Event "Druzynowe Mistrzostw Polski Juniorow - II Liga"]
[Site "Wroclaw"]
[Date "1899-12-30"]
[Round "5.88"]
[White "Pawleta, Mateusz"]
[Black "Gorecki, Michal"]
[Result "1/2-1/2"]
[WhiteTitle "II"]
[BlackTitle "II"]
[WhiteElo "1168"]
[BlackElo "1311"]

1. d4 d5 2. c4 c6 3. Nc3 Nf6 4. cxd5 cxd5 5. Bf4 e6 6. e3 Bd7 7. Bd3 Be7 8. h3
O-O 9. Nf3 Nc6 10. O-O Nb4 11. Be2 Rc8 12. a3 Nc6 13. Rc1 Na5 14. Ne5 Nc6 15.
b4 a6 16. Qb3 b5 17. Nd3 Re8 18. Bf3 Bf8 19. Rfe1 h6 20. Bh2 Ra8 21. Ne5 Rc8 22.
Kh1 Qb6 23. g4 Qb7 24. Be2 Nxe5 25. Bxe5 Nh7 26. Bg3 Bc6 27. f4 Bd6 28. Kh2 Qb8
29. Bd3 Nf6 30. Ne2 Bb7 1/2-1/2

[Event "Druzynowe Mistrzostw Polski Juniorow - II Liga"]
[Site "Wroclaw"]
[Date "1899-12-30"]
[Round "5.89"]
[White "Oszutowska, Anna"]
[Black "Seemann, Lena"]
[Result "1-0"]
[WhiteTitle "I"]
[BlackTitle "II"]
[WhiteElo "1248"]
[BlackElo "1081"]

1. e4 b6 2. d4 Bb7 3. Nc3 e6 4. a3 Ne7 5. Nf3 d6 6. Be2 Nd7 7. Be3 a6 8. O-O c5
9. dxc5 Nxc5 10. Bxc5 bxc5 11. b4 Qc7 12. bxc5 Qxc5 13. Qd4 Qxd4 14. Nxd4 Rc8
15. Rab1 Rc7 16. Rb3 g6 17. Rfb1 Bc8 18. Bd3 Bg7 19. Nde2 O-O 20. Na4 f5 21. Rb6
Nc6 22. exf5 exf5 23. Bxa6 Bxa6 24. Rxa6 Re8 25. Nf4 Rce7 26. Kf1 Nd4 27. Nd5
Re2 28. Nac3 Rxc2 29. Re1 Rxe1+ 30. Kxe1 Rc1+ 31. Nd1 Nc2+ 32. Kd2 Bh6+ 33. f4
Ra1 34. Kxc2 Ra2+ 35. Nb2 Bg7 36. Nc3 Ra1 37. Nb1 Ra2 38. Rb6 Bd4 39. Rb7 Bc5
40. a4 Be3 41. Rb4 Bc5 42. Rc4 Bg1 43. h3 d5 44. Rb4 Bc5 45. Rb3 Bd6 46. Nc3 Ra1
47. Nxd5 Rg1 48. Ne3 Bxf4 49. a5 Ra1 50. Nbc4 Ra4 51. Kd3 Bxe3 52. Nxe3 Rxa5 53.
Rb7 Ra3+ 54. Ke2 Ra6 55. Kf3 Ra3 56. g3 g5 57. Rb5 g4+ 58. hxg4 fxg4+ 59. Kf4
Ra4+ 60. Kg5 Ra3 61. Nf5 Ra4 62. Nh6+ Kf8 63. Rb7 Ra5+ 64. Kxg4 Ra4+ 65. Kh5 Ra5+
66. Kh4 Ra6 67. Rf7+ Ke8 68. Rxh7 Rg6 69. g4 Kf8 70. Kh5 Ra6 71. g5 Ra1 72. Rf7+
Ke8 73. g6 Rh1+ 74. Kg5 Rg1+ 75. Kf6 Rh1 76. Kg7 Rh2 77. Kh7 Rh3 78. g7 Rxh6+
79. Kxh6 Kxf7 80. Kh7 Kf6 81. g8=Q 1-0

[Event "Druzynowe Mistrzostw Polski Juniorow - II Liga"]
[Site "Wroclaw"]
[Date "1899-12-30"]
[Round "5.91"]
[White "Goral, Bartosz"]
[Black "Piechota, Kamil"]
[Result "0-1"]
[WhiteTitle "III"]
[BlackTitle "I"]
[WhiteElo "1065"]
[BlackElo "1728"]

1. d4 d5 2. Bf4 Nf6 3. h3 e6 4. e3 c5 5. Bb5+ Nc6 6. Bxc6+ bxc6 7. c3 cxd4 8. exd4
Bd6 9. Bxd6 Qxd6 10. Nf3 O-O 11. O-O Rb8 12. b3 Ba6 13. Re1 c5 14. Nbd2 cxd4 15.
cxd4 Rfc8 16. Ne5 Rc7 17. Rc1 Rxc1 18. Qxc1 Re8 19. Qb2 Qc7 20. Qa3 Bb5 21. Ndf3
Ne4 22. Qb4 a6 23. a4 Bd7 24. Ng4 a5 25. Qa3 Qc2 26. Rf1 Rb8 27. Nge5 0-1

[Event "Druzynowe Mistrzostw Polski Juniorow - II Liga"]
[Site "Wroclaw"]
[Date "1899-12-30"]
[Round "5.92"]
[White "Zimny, Karol"]
[Black "Nowak, Feliks"]
[Result "1-0"]
[WhiteTitle "II"]
[BlackTitle "II"]
[WhiteElo "1224"]
[BlackElo "1412"]

1. e4 c5 2. c3 e6 3. d4 cxd4 4. cxd4 d5 5. exd5 Qxd5 6. Nf3 Nf6 7. Nc3 Bb4 8. Bd2
Qd8 9. Qa4+ Nc6 10. Bb5 Qd6 11. Bxc6+ bxc6 12. O-O Bxc3 13. Bxc3 O-O 14. Bb4 Qc7
15. Bxf8 Kxf8 16. Rac1 Bd7 17. Ne5 Be8 18. Nxc6 Qd6 19. Qb4 Qxb4 20. Nxb4 Rb8
21. a3 a5 22. Nc6 Rxb2 23. Nxa5 Bb5 24. Rfe1 Ng4 25. f3 Nf2 26. Rb1 1-0

[Event "Druzynowe Mistrzostw Polski Juniorow - II Liga"]
[Site "Wroclaw"]
[Date "1899-12-30"]
[Round "5.93"]
[White "Myszkowski, Jan"]
[Black "Kordowski, Lukasz"]
[Result "1/2-1/2"]
[WhiteTitle "II"]
[BlackTitle "III"]
[WhiteElo "1076"]
[BlackElo "1102"]

1. f4 Nf6 2. Nf3 g6 3. b3 Bg7 4. Bb2 O-O 5. e3 d5 6. Bd3 c5 7. c4 d4 8. Qe2 dxe3
9. dxe3 Nc6 10. a3 Re8 11. Ne5 Nxe5 12. Bxe5 Qb6 13. Nd2 Bg4 14. Qf2 Rad8 15.
Bc2 Rd7 16. O-O Red8 17. Nf3 Bxf3 18. Qxf3 Rd2 19. Rf2 Rxf2 20. Qxf2 Ng4 21. Qg3
Nxe5 22. fxe5 Qe6 23. Rf1 Bxe5 24. Qf3 Rd7 25. Be4 Qf6 26. Qg4 Qd6 27. Qf3 e6
28. Bxb7 Bxh2+ 29. Kh1 Qg3 30. Qe4 Qc7 1/2-1/2

[Event "Druzynowe Mistrzostw Polski Juniorow - II Liga"]
[Site "Wroclaw"]
[Date "1899-12-30"]
[Round "5.94"]
[White "Furas, Pawel"]
[Black "Ford, Nikodem"]
[Result "0-1"]
[WhiteTitle "III"]
[BlackTitle "III"]
[WhiteElo "1052"]
[BlackElo "1100"]

1. e4 e6 2. d4 d5 3. Nc3 dxe4 4. Nxe4 Nf6 5. Nxf6+ Qxf6 6. Nf3 h6 7. Bd3 Nc6 8.
O-O Bd6 9. c3 O-O 10. Bd2 Re8 11. Re1 Bd7 12. Qc2 Re7 13. d5 exd5 14. Rxe7 Nxe7
15. Be3 Bf5 16. Nd4 Bxd3 17. Qxd3 a6 18. Re1 Qg6 19. Qd2 Nf5 20. Nxf5 Qxf5 21.
h4 Re8 22. a3 c6 23. c4 Qe5 24. cxd5 Qxd5 25. Qc3 Qe5 26. Qd2 Bc7 27. g3 Rd8 28.
Qc1 Qd5 29. Rf1 Qb3 30. Re1 Ba5 31. Re2 Rd1+ 0-1

[Event "Druzynowe Mistrzostw Polski Juniorow - II Liga"]
[Site "Wroclaw"]
[Date "1899-12-30"]
[Round "5.95"]
[White "Biniak, Zuzanna"]
[Black "Czerwinska, Oliwia"]
[Result "1/2-1/2"]
[WhiteTitle "I"]
[BlackTitle "I"]
[WhiteElo "1433"]
[BlackElo "1435"]

1. c4 b6 2. d4 Bb7 3. e3 Nf6 4. Nf3 e6 5. Nc3 g6 6. g3 Bg7 7. Bg2 O-O 8. O-O Ne4
9. Nxe4 Bxe4 10. Ne1 Bxg2 11. Nxg2 f5 12. Bd2 d6 13. Bc3 Nd7 14. Qd2 Nf6 15. f3
Qe7 16. Nf4 Bh6 17. Nh3 Rad8 18. Rae1 Rfe8 19. Kh1 e5 20. d5 e4 21. f4 Nd7 22.
b4 Bg7 23. Ng1 Bxc3 24. Qxc3 Qg7 25. Ne2 Qxc3 26. Nxc3 Ra8 27. Ra1 a5 28. a3 Ra6
29. Nb5 Rc8 30. Rfd1 Kf7 31. Kg2 1/2-1/2

[Event "Druzynowe Mistrzostw Polski Juniorow - II Liga"]
[Site "Wroclaw"]
[Date "1899-12-30"]
[Round "5.97"]
[White "Doroba, Ludwik"]
[Black "Bartlomowicz, Jakub"]
[Result "1/2-1/2"]
[WhiteTitle "II"]
[BlackTitle "I"]
[WhiteElo "1421"]
[BlackElo "1922"]

1. d4 d5 2. Bf4 c5 3. e3 Nc6 4. c3 Nf6 5. Nd2 e6 6. Ngf3 Be7 7. Be2 O-O 8. O-O
Nh5 9. Bg3 Nxg3 10. hxg3 b6 11. Qa4 Bb7 12. Ba6 Qc8 13. Bxb7 Qxb7 14. c4 dxc4
15. Qxc4 cxd4 16. Nxd4 Nxd4 17. exd4 Rfd8 18. Nf3 Rac8 19. Qe2 Bf6 20. Rad1 Rd5
21. Rd2 Rcd8 22. Rfd1 Qd7 23. Qe4 Qa4 24. b3 Qb4 25. Qc2 g6 26. Qc4 Qd6 27. a4
Qd7 28. Qc3 a6 29. Qc2 b5 30. axb5 Qxb5 31. Qc4 Qb6 32. Rd3 a5 33. Ne5 Bxe5 1/2-1/2

[Event "Druzynowe Mistrzostw Polski Juniorow - II Liga"]
[Site "Wroclaw"]
[Date "1899-12-30"]
[Round "5.98"]
[White "Bochenek, Ryszard"]
[Black "Rumniak, Aleksy"]
[Result "1-0"]
[WhiteTitle "II+"]
[BlackTitle "II"]
[WhiteElo "1544"]
[BlackElo "1291"]

1. e4 c5 2. Nf3 Nc6 3. d4 cxd4 4. Nxd4 g6 5. Nc3 Bg7 6. Be3 Nf6 7. f3 O-O 8. Qd2
d5 9. O-O-O dxe4 10. fxe4 Ng4 11. Nxc6 Qxd2+ 12. Rxd2 bxc6 13. Nd1 Nxe3 14. Nxe3
Be6 15. Kb1 Rfb8 16. b3 a5 17. Bc4 Bh6 18. Bxe6 Bxe3 19. Rd3 Bc5 20. Bc4 Kg7 21.
Rf1 f6 22. e5 f5 23. e6 Bd6 24. a4 Rf8 25. h3 h6 26. Rfd1 Rad8 27. Ba6 g5 28.
Bb7 c5 29. Bc6 f4 30. Rxd6 Rxd6 31. Rxd6 exd6 32. e7 Rb8 33. e8=Q Rxe8 34. Bxe8
Kf6 35. c3 1-0

[Event "Druzynowe Mistrzostw Polski Juniorow - II Liga"]
[Site "Wroclaw"]
[Date "1899-12-30"]
[Round "5.99"]
[White "Wolski, Ernest"]
[Black "Blaszkiewicz, Jakub"]
[Result "0-1"]
[WhiteTitle "II"]
[BlackTitle "II"]
[WhiteElo "1216"]
[BlackElo "1405"]

1. c4 e5 2. Nc3 Nc6 3. g3 g6 4. Bg2 Bg7 5. e3 Nge7 6. Nge2 O-O 7. O-O d6 8. Rb1
Be6 9. d3 d5 10. c5 d4 11. exd4 exd4 12. Nb5 Bxa2 13. Ra1 Bd5 14. Bxd5 Nxd5 15.
Ra4 Qe7 16. Nexd4 Nxd4 17. Nxd4 Qxc5 18. Qg4 b5 19. Ne6 fxe6 20. Qxe6+ Kh8 21.
Rh4 Nf6 22. b4 Qf5 23. Qe3 Ng4 24. Qd2 Ne5 25. f4 Nxd3 26. h3 Nxc1 27. Rxc1 Rad8
28. Qa2 Qd3 0-1

[Event "Druzynowe Mistrzostw Polski Juniorow - II Liga"]
[Site "Wroclaw"]
[Date "1899-12-30"]
[Round "5.102"]
[White "Babinska, Liwia"]
[Black "Piotrowska, Weronika"]
[Result "1-0"]
[WhiteTitle "I"]
[BlackTitle "II"]
[WhiteElo "1331"]
[BlackElo "1140"]

1. e4 e5 2. Nf3 Nc6 3. Bc4 Bc5 4. c3 Nf6 5. d3 d6 6. O-O a6 7. Nbd2 Ba7 8. h3 h6
9. Re1 g5 10. Nf1 Be6 11. Bxe6 fxe6 12. Qb3 Qc8 13. Be3 Rg8 14. Bxa7 Rxa7 15.
d4 Kd7 16. dxe5 g4 17. hxg4 Nxg4 18. exd6 cxd6 19. Rad1 Qe8 20. Ng3 Rg5 21. e5
d5 22. c4 Kc7 23. cxd5 exd5 24. Qxd5 Ra8 25. Qc4 Rg7 26. Nd4 Rg8 27. Ne6+ Kb8
28. Qd5 Qf7 29. f3 Ngxe5 30. Rxe5 Rxg3 31. Rf5 Qe7 32. Qd6+ Qxd6 33. Rxd6 Rg8
34. Rf8+ Rxf8 35. Nxf8 Kc7 36. Rf6 Re8 37. Ne6+ Kd7 38. Nc5+ Kc8 39. Nxa6 Re2
40. Rxh6 Rxb2 41. Rh8+ Kd7 42. Nc5+ Kc7 43. Rh7+ Kb8 44. a4 Na5 45. f4 b6 46.
Nd3 Ra2 47. Rh6 Kc7 48. Nb4 Nc4 49. Rc6+ 1-0